00446nam a22001451 45000030002000000080041000021000024000432450104000672500012001712600049001833000027002326500015002590050017002740400009002910 1 aGillison, Margaret.12aA histology of the body tissues,bwith a consideration of their functions.cForeword by R.C. Garry. a2nd ed. aBaltimore,bWilliams and Wilkins Co.,c1962. a270 p.billus.c20 cm. 0aHistology.20230123134223.0 cNUST